MARCHの学科 - Statistics

General Stats
  • This quiz has been taken 14 times
  • The average score is 45 of 144
Answer Stats
大学 学部 学科 % Correct
明治大学 | 経済学部 経済学科
86%
明治大学 商学部 | 経営学部 経営学科
79%
法学部 法学科
79%
社会学部 社会学科
79%
明治大学 商学部 商学科
71%
明治大学 政治経済学部 政治学科
71%
明治大学 文学部 文学科
71%
異文化コミュニケーション学部 異文化コミュニケーション学科
71%
中央大学 | 明治大学 | 法政大学 法学部 法律学科
64%
明治大学 国際日本学部 国際日本学科
64%
総合文化政策学部 総合文化政策学科
64%
観光学部 観光学科
64%
明治大学 農学部 生命科学科
57%
心理学科
57%
国際経済学科
57%
社会情報学部 社会情報学科
57%
地球社会共生学部 地球社会共生学科
57%
国際経営学科
57%
化学科
57%
明治大学 理工学部 物理学科
50%
数学科
50%
明治大学 農学部 農学科
50%
明治大学 情報コミュニケーション学部 情報コミュニケーション学科
50%
コミュニティ人間科学部 コミュニティ人間科学科
50%
スポーツウエルネス学部 スポーツウエルネス学科
50%
現代福祉学部 現代福祉学科
50%
史学科
43%
教育人間科学部 教育学科
43%
国際文化学部 国際文化学科
43%
人間環境学部 人間環境学科
43%
キャリアデザイン学部 キャリアデザイン学科
43%
スポーツ健康学部 スポーツ健康学科
43%
明治大学 デザイン工学部 | 理工学部 建築学科
36%
明治大学 理工学部 情報科学科
36%
日本文学科
36%
国際政治経済学部 国際政治学科
36%
グローバル教養学部 グローバル教養学科
36%
国際情報学部 国際情報学科
29%
明治大学 理工学部 機械工学科
21%
青山学院大学 文学部 英米文学科
21%
電気電子工学科
21%
文学部 哲学科
21%
英文学科
21%
地理学科
21%
明治大学 文学部 史学地理学科
14%
明治大学 理工学部 応用化学科
14%
明治大学 会計学科
14%
明治大学 総合数理学部 現象数理学科
14%
フランス文学科
14%
金融学科
14%
情報工学科
14%
明治大学 政治経済学部 地域行政学科
7%
明治大学 理工学部 電気電子生命学科
7%
明治大学 理工学部 機械情報工学科
7%
明治大学 食料環境政策学科
7%
明治大学 農学部 農芸化学科
7%
先端メディアサイエンス学科
7%
ネットワークデザイン学科
7%
理工学部 物理科学科
7%
化学・生命科学科
7%
経営システム工学科
7%
情報テクノロジー学科
7%
立教大学 文学部 キリスト教学科
7%
経済政策学科
7%
会計ファイナンス学科
7%
生命理学科
7%
メディア社会学科
7%
映像身体学科
7%
文学部 人文社会学科
7%
経営戦略学科
7%
明治大学 心理社会学科
0%
明治大学 経営学部 公共経営学科
0%
比較芸術学科
0%
現代経済デザイン学科
0%
ヒューマンライツ学科
0%
マーケティング学科
0%
国際コミュニケーション学科
0%
数理サイエンス学科
0%
機械創造工学科
0%
現代文化学科
0%
国際ビジネス法学科
0%
交流文化学科
0%
コミュニティ福祉学部 コミュニティ政策学科
0%
国際企業関係法学科
0%
経済情報システム学科
0%
公共・環境経済学科
0%
国際マーケティング学科
0%
都市環境学科
0%
精密機械工学科
0%
電気電子情報通信工学科
0%
ビジネスデータサイエンス学科
0%
人間総合理工学科
0%
総合政策学部 政策科学科
0%
国際政策文化学科
0%
市場経営学科
0%
都市環境デザイン工学科
0%
システムデザイン学科
0%
現代ビジネス学科
0%
社会政策学科
0%
応用情報工学科
0%
創生科学科
0%
生命科学部 生命機能学科
0%
環境応用化学科
0%
応用植物科学科
0%
情報科学部 コンピューター科学科
0%
ディジタルメディア学科
0%
No matching quizzes found
Score Distribution
Percent of People with Each Score
Percentile by Number Answered
Your Score History
You have not taken this quiz